[Event "Brambles Administration Ltd. Hampstead M"]
[Site "London, England"]
[Date "2014.12.23"]
[Round "9"]
[White "Ledger, Dave J"]
[Black "Maisuradze, Nino"]
[Result "1/2-1/2"]
[WhiteElo "2252"]
[BlackElo "2323"]

1. e4 c5 2. Nf3 a6 3. c4 Nc6 4. d4 cxd4 5. Nxd4 e5 6. Nf5 d6 7. Ne3 Nge7 8.
Nc3 g6 9. Ned5 Nxd5 10. Nxd5 Bg7 11. Be3 Nd4 12. Bd3 O-O 13. O-O Be6 14. Qd2
Bxd5 15. cxd5 Qb6 16. Rac1 Rac8 {#d} 1/2-1/2

[Event "Brambles Administration Ltd. Hampstead M"]
[Site "London, England"]
[Date "2014.12.23"]
[Round "9"]
[White "Merry, Alan"]
[Black "Sowray, Peter J"]
[Result "1-0"]
[WhiteElo "2347"]
[BlackElo "2365"]

1. e4 d6 2. d4 Nf6 3. Nc3 g6 4. Bg5 Bg7 5. f3 O-O 6. Qd2 c6 7. Bh6 e5 8. Bxg7
Kxg7 9. O-O-O Nbd7 10. Nge2 b5 11. dxe5 dxe5 12. g4 b4 13. Nb1 Qe7 14. h4 Nc5
15. h5 Be6 16. Qg5 Rad8 17. Rxd8 Rxd8 18. Ng3 Bc8 19. hxg6 fxg6 20. Nh5+ {#r}
1-0

[Event "Brambles Administration Ltd. Hampstead M"]
[Site "London, England"]
[Date "2014.12.23"]
[Round "9"]
[White "Fodor, Tamas Jr"]
[Black "Wallace, John Paul"]
[Result "1-0"]
[WhiteElo "2499"]
[BlackElo "2404"]

1. d4 Nf6 2. c4 g6 3. Nc3 Bg7 4. e4 d6 5. Nf3 O-O 6. Be2 e5 7. O-O Nc6 8. d5
Ne7 9. Bg5 Ne8 10. Nd2 f5 11. f3 h6 12. Be3 c5 13. dxc6 bxc6 14. b4 Nc7 15.
Nb3 g5 16. Qd2 Rf6 17. Rfd1 Qe8 18. a4 Kh8 19. b5 f4 20. Bf2 c5 21. a5 Ne6 22.
b6 axb6 23. axb6 Rb8 24. Qxd6 Nc6 25. Nd5 Rf7 26. Na5 Bb7 27. Nc7 Nxc7 28.
bxc7 Rc8 29. Nxb7 {#r} 1-0

[Event "Brambles Administration Ltd. Hampstead M"]
[Site "London, England"]
[Date "2014.12.23"]
[Round "9"]
[White "Eggleston, David J"]
[Black "Willmoth, Robert F"]
[Result "1-0"]
[WhiteElo "2416"]
[BlackElo "2182"]

1. e4 c6 2. d4 d5 3. Nc3 dxe4 4. Nxe4 Bf5 5. Ng3 Bg6 6. h4 h6 7. Nf3 Nd7 8. h5
Bh7 9. Bd3 Bxd3 10. Qxd3 e6 11. Bd2 Ngf6 12. O-O-O Be7 13. Kb1 O-O 14. Ne4
Nxe4 15. Qxe4 Nf6 16. Qe2 Qd5 17. Ne5 Qe4 18. Be3 Nd5 19. Rhe1 Nxe3 20. Qxe3
Qxe3 21. Rxe3 Rfd8 22. Red3 Bf6 23. f4 Rac8 24. c4 Kf8 25. g4 Ke8 26. Kc2 Be7
27. f5 exf5 28. gxf5 Bg5 29. a4 Rc7 30. a5 Re7 31. b4 a6 32. Kb3 f6 33. Ng6
Re2 34. d5 cxd5 35. Rxd5 Rxd5 36. Rxd5 Rd2 37. Rxd2 Bxd2 38. c5 Kf7 39. Kc4
Ke8 40. Nh4 Ke7 41. Nf3 Be3 42. Ne1 Bg1 43. Nd3 Be3 44. Nb2 Bf2 45. Na4 Be1
46. Nb6 Bd2 47. Nc8+ Kd7 48. Nd6 Kc6 49. Ne8 Be1 50. Nxg7 Bd2 51. Ne8 Bg5 52.
Nd6 Bc1 53. b5+ axb5+ 54. Nxb5 Bd2 55. Nd4+ Kc7 56. Kb5 Be1 57. Ne6+ Kc8 58.
Nf4 Bg3 59. Nd5 Be5 60. c6 Bd4 61. cxb7+ Kxb7 62. a6+ Ka7 63. Ne7 Be3 64. Nc6+
Ka8 65. Kc4 Bc1 66. Kd5 Bb2 67. Ke6 Bc3 68. Kf7 Bb2 69. Kg7 Bc3 70. Kxh6 Bd2+
71. Kg6 Bg5 72. Ne7 Ka7 73. h6 {#r} 1-0

[Event "Brambles Administration Ltd. Hampstead "]
[Site "?"]
[Date "2014.12.23"]
[Round "9"]
[White "Richardson, John R"]
[Black "Bai, Jinshi"]
[Result "0-1"]
[WhiteElo "2338"]
[BlackElo "2444"]

1. d4 Nf6 2. Nf3 g6 3. g3 Bg7 4. Bg2 O-O 5. O-O d5 6. b3 c5 7. Bb2 Ne4 8. c4
dxc4 9. Qc2 Bf5 10. g4 c3 11. Bc1 Nd2 12. gxf5 Nxf1 13. fxg6 fxg6 14. d5 Nd2
15. Nxc3 Nxf3+ 16. Bxf3 Nd7 17. Bg4 Kh8 18. Be6 Nf6 19. Bb2 Qc7 20. Nb5 Qa5
21. Na3 b5 22. Rd1 Qb4 23. f3 Nh5 24. Bg4 c4 25. Nb1 Qc5+ 26. Kf1 Bxb2 27.
Qxb2+ Nf6 28. Be6 h6 29. Rc1 Kh7 30. Nd2 Nxd5 31. Bxd5 Qxd5 32. bxc4 bxc4 33.
Rxc4 Rad8 34. Rc2 Rd7 35. Qb4 Rfd8 36. Ke1 Qg5 37. Nf1 Rd1+ 38. Kf2 Rxf1+ 39.
Kxf1 Rd1+ 40. Kf2 Qg1# 0-1

[Event "Brambles Masters"]
[Site "London"]
[Date "2014.12.18"]
[Round "4"]
[White "Lalic, Bogdan"]
[Black "Eggleston, David J"]
[Result "1/2-1/2"]
[WhiteElo "2479"]
[BlackElo "2416"]

1.d4 Nf6 2.c4 g6 3.Nc3 Bg7 4.e4 d6 5.Nf3 O-O 6.Be2 e5 7.O-O Nc6 8.Be3 Ng4
9.Bg5 f6 10.Bc1 Bd7 11.d5 Ne7 12.Ne1 f5 13.Bxg4 fxg4 14.Nc2 h5 15.Bg5 {#d}
1/2-1/2